Acteurs par lettre : E - Statistiques

Statistiques générales
  • Ce quiz a été pris 76 fois
  • Le résultat moyen est 5 sur 10
Statistiques - réponses
Films / Séries Années Acteurs % Correct
Le Bon; la brute et le truand / Gran Torino 1930- Clint Eastwood
88%
L'Amour ouf / Bac Nord 1993- Adèle Exarchopoulos
74%
Benedetta / 20 ans d'écart 1977- Virginie Efira
69%
Avengers / Captain America 1981- Chris Evans
66%
Case Départ / Le Crocodile du Botswanga 1977- Fabrice Eboué
63%
17 ans encore / High School Musical 1987- Zac Efron
62%
Coco / Les Seigneurs 1971- Gad Elmaleh
58%
La Famille Bélier / Les Affamés 1996- Louane Emera
35%
Gainsbourg (Vie héroïque) / La Guerre des boutons 1964- Eric Elmosnino
15%
Elite / Quelqu'un doit mourir 2000- Ester Esposito
11%
Aucun quiz correspondant
Distribution des résultats
% des personnes avec chaque résultat
Percentile par nombre de réponses
Votre historique - résultats
Vous n’avez pas pris ce quiz